Can you answer all 15? Quiz VIII - Statistics

General Stats
  • This quiz has been taken 31 times
  • The average score is 8 of 15
Answer Stats
Question Answer % Correct
What animal is a Panda? Bear
96%
A book of maps is called a what? Atlas
89%
A clock can be digital or _____? Analog
82%
In the Bible, who betrayed Jesus to the Romans? Judas
75%
What is the major religion in Bangladesh Islam
71%
An Ampersand is used as a substitute for what connective? And
64%
In which Sea is the island of Gotland located? Baltic
57%
The technology company HP is named after the surnames of the founders, which are H_____-P_____ Hewlett-Packard
57%
Who is the protagonist in the movie "I am Legend" ? Will Smith
54%
In football (soccer), the traditional role of a what is to score goals? Striker
50%
Who wrote "Robinson Crusoe" ? Daniel Defoe
43%
What item does the car manufacturer Maserati feature on their logo? Trident
36%
What currency is used in Brazil? Real
32%
Which NBA coach won the most Championships? Phil Jackson
25%
In mathematics, what does the "I" in BIDMAS stand for? Index
14%
No matching quizzes found
Score Distribution
Percent of People with Each Score
Percentile by Number Answered
Your Score History
You have not taken this quiz